Instalado en la cresta de la ola / (Record no. 35832)

MARC details
000 -LEADER
campo de control de longitud fija 00640nam a2200217 i 4500
001 - NÚMERO DE CONTROL
campo de control 35832
003 - IDENTIFICADOR DE NÚMERO DE CONTROL
campo de control ES-MaACL
005 - FECHA Y HORA DE LA ÚLTIMA TRANSACCIÓN
campo de control 20230906155226.0
007 - CAMPO FIJO DE DESCRIPCIÓN FÍSICA--INFORMACIÓN GENERAL
campo de control de longitud fija t|
008 - DATOS DE LONGITUD FIJA--INFORMACIÓN GENERAL
campo de control de longitud fija 030214s1986 sp ||||1| spa d
020 ## - NÚMERO INTERNACIONAL ESTÁNDAR DEL LIBRO
Número Internacional Estándar del Libro 84-339-1279-8
100 1# - ENTRADA PRINCIPAL--NOMBRE DE PERSONA
Nombre de persona Bradbury, Malcolm.
9 (RLIN) 31248
245 10 - MENCIÓN DEL TÍTULO
Título Instalado en la cresta de la ola /
Mención de responsabilidad, etc. Malcolm Bradbury ; traducción de Carlos Gardini.
260 ## - PUBLICACIÓN, DISTRIBUCIÓN, ETC.
Lugar de publicación, distribución, etc. Barcelona :
Nombre del editor, distribuidor, etc. Anagrama,
Fecha de publicación, distribución, etc. [1986]
300 ## - DESCRIPCIÓN FÍSICA
Extensión 291 p. ;
Dimensiones 20 cm.
490 1# - MENCIÓN DE SERIE
Mención de serie Contraseñas ;
Designación de volumen o secuencia 79
700 1# - ENTRADA AGREGADA--NOMBRE PERSONAL
Nombre de persona Gardini, Carlos.
9 (RLIN) 55503
830 0# - PUNTO DE ACCESO ADICIONAL DE SERIE-TÍTULO UNIFORME
Título uniforme Contraseñas ;
Designación de volumen o secuencia 79
9 (RLIN) 179727
852 ## - LOCALIZACIÓN
Ubicación ES-MaACL
Número de control de estantería L-11275
Sublocalización o colección R.111664
Holdings
Estatus retirado Estado de pérdida Estado de daño No para préstamo Biblioteca de origen Biblioteca actual Ubicación en estantería Fecha de adquisición Fuente de adquisición Total de préstamos Signatura topográfica completa Código de barras Visto por última vez Precio de reemplazo Tipo de ítem Koha
        Biblioteca del Ateneo de Madrid Biblioteca del Ateneo de Madrid Depósito 2 17/01/2008     L-11275 1037541 23/02/2023 23/02/2023 Libro impreso